Catálogo público

Energía y fibra bruta en alimentación del conejo : (Record no. 166822)

MARC details
000 -CABECERA
campo de control de longitud fija 00884nam a2200277Ia 4500
001 - NÚMERO DE CONTROL
campo de control Z_3741
003 - IDENTIFICADOR DEL NÚMERO DE CONTROL
campo de control CHAP
005 - FECHA Y HORA DE LA ÚLTIMA TRANSACCIÓN
campo de control 20221021001958.0
007 - CAMPO FIJO DE DESCRIPCIÓN FÍSICA--INFORMACIÓN GENERAL
campo de control de longitud fija ta
008 - DATOS DE LONGITUD FIJA--INFORMACIÓN GENERAL
campo de control de longitud fija 220113s1978 xx 000 0 und d
010 ## - NÚMERO DE CONTROL DE LA BIBLIOTECA DEL CONGRESO
Número de control de LC 166822
040 ## - FUENTE DE LA CATALOGACIÓN
Centro/agencia transcriptor CHAP
090 ## - LOCALMENTE ASIGNADO TIPO-LC NÚMERO DE CLASIFICACIÓN (OCLC); NÚMERO DE CLASIFICACIÓN LOCAL (RLIN)
Número de clasificación (OCLC) (R) ; Numero de clasificación, CALL (RLIN) (NR) R-77
100 1# - ENTRADA PRINCIPAL--NOMBRE DE PERSONA
Nombre de persona Costa Batllori, Pedro
9 (RLIN) 28474
245 10 - MENCIÓN DE TÍTULO
Título Energía y fibra bruta en alimentación del conejo :
Resto del título revisión bibliográfica /
Mención de responsabilidad, etc. por Pedro Costa Batllori
260 ## - PUBLICACIÓN, DISTRIBUCIÓN, ETC.
Lugar de publicación, distribución, etc. Chapingo, Méx. :
Nombre del editor, distribuidor, etc. UACh. Departamento de Zootecnia,
Fecha de publicación, distribución, etc. 1978
300 ## - DESCRIPCIÓN FÍSICA
Extensión 10 hojas
500 ## - NOTA GENERAL
Nota general Reimpreso de: Simposium de cunicultura (3 : Valencia, España : 1978)
650 1# - PUNTO DE ACCESO ADICIONAL DE MATERIA--TÉRMINO DE MATERIA
Término de materia o nombre geográfico como elemento de entrada Conejos
Subdivisión general Alimentos y alimentación
9 (RLIN) 140951
650 1# - PUNTO DE ACCESO ADICIONAL DE MATERIA--TÉRMINO DE MATERIA
Término de materia o nombre geográfico como elemento de entrada Energía, en alimentación del conejo
9 (RLIN) 140952
650 1# - PUNTO DE ACCESO ADICIONAL DE MATERIA--TÉRMINO DE MATERIA
Término de materia o nombre geográfico como elemento de entrada Fibra bruta en alimentación del conejo
9 (RLIN) 140953
901 ## - ELEMENTOS DE DATOS A LOCAL LDA (RLIN)
a R-77
902 ## - ELEMENTOS DE DATOS B LOCAL, LDB (RLIN)
a M
910 ## - DATOS DE OPCIÓN DEL USUARIO (OCLC)
Datos de opción del usuario 1978
942 ## - ELEMENTOS DE PUNTO DE ACCESO ADICIONAL (KOHA)
Tipo de ítem Koha Reimpreso
Fuente del sistema de clasificación o colocación Clasificación Universidad Autónoma de Chapingo
Holdings
Estado de retiro Estado de pérdida Fuente del sistema de clasificación o colocación Estado dañado Restricciones de uso No para préstamo Código de colección Localización permanente Ubicación/localización actual Fecha de adquisición Total de préstamos Signatura topográfica completa Código de barras Fecha visto por última vez Número de copia Precio válido a partir de Tipo de ítem Koha
    Clasificación Universidad Autónoma de Chapingo   Préstamo interno   Reimpresos Zootecnia Zootecnia 09/11/2005   R-77 z_A1212 18/01/2022 1 18/01/2022 Reimpreso
    Clasificación Universidad Autónoma de Chapingo   Préstamo 5 días   Reimpresos Zootecnia Zootecnia 09/11/2005   R-77 z_A1213 18/01/2022 2 18/01/2022 Reimpreso
    Clasificación Universidad Autónoma de Chapingo   Préstamo 5 días   Reimpresos Zootecnia Zootecnia 09/11/2005   R-77 z_A1214 18/01/2022 3 18/01/2022 Reimpreso
    Clasificación Universidad Autónoma de Chapingo   Préstamo 5 días   Reimpresos Zootecnia Zootecnia 09/11/2005   R-77 z_A1215 18/01/2022 4 18/01/2022 Reimpreso
    Clasificación Universidad Autónoma de Chapingo   Préstamo 5 días   Reimpresos Zootecnia Zootecnia 09/11/2005   R-77 z_A1216 18/01/2022 5 18/01/2022 Reimpreso